期刊信息 |
| 索取号 |
O15/JOA
|
| 题名 |
Journal of Algebra
|
| 作者 |
|
| 分册号 |
|
| 分册名 |
|
| 出版地 |
|
| 出版者 |
Academic Press,Inc
|
| 标准刊号 |
0021-8693
|
| 出版频率 |
月刊
|
| 中图法分类 |
O15
|
| 主题词 |
代数; 数论; 组合数学
|
| 电子资源 | |
| |
|
| 000 | 00424nas0 2200193 45 | |
| 001 | 0755142172 | |
| 005 | 20131118104036.73 | |
| 011 | @a0021-8693 | |
| 100 | @a20070415d km y0chiy0120 ea | |
| 101 | 0 | @aeng |
| 200 | 1 | @aJournal of Algebra |
| 210 | @cAcademic Press,Inc | |
| 326 | @a月刊 | |
| 606 | 0 | @a代数 |
| 606 | 0 | @a数论 |
| 606 | 0 | @a组合数学 |
| 690 | @aO15@v4 | |
| 801 | 0 | @aCN@bPFT@c20070415 |
| 905 | @aTJWY@dO15@eJOA | |
| Journal of Algebra.-Academic Press,Inc |
| ISSN 0021-8693 |
| ● |
| 相关链接: |
|
|
|
|